000 00927nam a2200277 a 4500
001 43533
003 BD-RjUL
005 20211209053719.0
008 160622s1976 caua b 000 0 eng
020 _a0803904444
020 _a0803905173 (pbk.)
035 _a(BD-RjUL) 43651
040 _aDLC
_cDLC
_dDLC
_beng
041 _aeng
082 0 0 _a301.4120973
_bECO 1976
245 0 0 _aEconomic independence for women :
_bthe foundation for equal rights /
_cedited by Jane Roberts Chapman.
260 _aBeverly Hills, Calif. :
_bSage Publications,
_cc1976.
300 _a285 p. :
_bill. ;
_c24 cm.
504 _aIncludes bibliographies.
650 0 _aWomen
_zUnited States
_xEconomic conditions.
_9133733
650 0 _aWomen
_xEmployment
_zUnited States.
_9133734
700 1 _aChapman, Jane Roberts.
_9133735
942 _2ddc
_cBK
999 _c43533
_d43533